|
|
|
|
| LEADER |
00000nam0a2200000 4500 |
| 001 |
263473 |
| 005 |
20231101233736.0 |
| 010 |
|
|
|a 9785991635264
|
| 035 |
|
|
|a (RuTPU)RU\TPU\book\286458
|
| 090 |
|
|
|a 263473
|
| 100 |
|
|
|a 20140609d2014 m y0rusy50 ca
|
| 101 |
0 |
|
|a rus
|
| 102 |
|
|
|a RU
|
| 105 |
|
|
|a y j 001zy
|
| 200 |
1 |
|
|a Корпоративная социальная ответственность
|e учебник и практикум для академического бакалавриата
|f Владимирский государственный университет имени Александра Григорьевича и Николая Григорьевича Столетовых (ВлГУ) ; под ред. В. Я. Горфинкеля, Н. В. Родионовой
|
| 210 |
|
|
|a Москва
|c Юрайт
|d 2014
|
| 215 |
|
|
|a 570 с.
|
| 225 |
1 |
|
|a Бакалавр. Академический курс
|
| 320 |
|
|
|a Библиогр.: с. 565-568.
|
| 330 |
|
|
|a Раскрыты темы, вопросы и понятия, методы и методики, изучение которых предусмотрено требованиями Федерального государственного образовательного стандарта высшего образования четвертого поколения по дисциплине «Корпоративная социальная ответственность». Даны концептуальные представления о корпоративной социальной ответственности в зарубежной и отечественной теории и практике управления. Показаны ее лучший опыт, прогрессивные формы и перспективы развития. Рассмотрены основные функции управления с учетом КСО, некоторые технологии их применения, основные инструменты макро- и микрорегулирования. Уделено внимание мотивации несения тягот социальной ответственности основными заинтересованными сторонами компании: бизнесменами, менеджерами, работниками и инноваторами. Для студентов, обучающихся по направлению подготовки «Менеджмент», аспирантов и преподавателей вузов. Может быть полезным политикам, деятелям общественных организаций, чиновникам, руководителям и экономистам компаний и фирм.
|
| 606 |
1 |
|
|a Корпоративная социальная ответственность
|x Предпринимательская деятельность
|2 stltpush
|3 (RuTPU)RU\TPU\subj\72745
|9 86149
|
| 606 |
1 |
|
|a Корпоративная социальная ответственность
|x Менеджмент
|2 stltpush
|3 (RuTPU)RU\TPU\subj\71852
|9 85567
|
| 610 |
1 |
|
|a экономика
|
| 610 |
1 |
|
|a управление
|
| 610 |
1 |
|
|a компании
|
| 610 |
1 |
|
|a бизнес
|
| 610 |
1 |
|
|a история
|
| 610 |
1 |
|
|a стейкхолдеры
|
| 610 |
1 |
|
|a устойчивое развитие
|
| 610 |
1 |
|
|a стандартизация
|
| 610 |
1 |
|
|a социальная ответственность
|
| 610 |
1 |
|
|a власть
|
| 610 |
1 |
|
|a общество
|
| 610 |
1 |
|
|a взаимодействия
|
| 610 |
1 |
|
|a социальное партнерство
|
| 610 |
1 |
|
|a коррупция
|
| 610 |
1 |
|
|a межкультурные коммуникации
|
| 610 |
1 |
|
|a менеджмент
|
| 610 |
1 |
|
|a маркетинг
|
| 610 |
1 |
|
|a социальные проекты
|
| 610 |
1 |
|
|a социальная политика
|
| 610 |
1 |
|
|a социальный аудит
|
| 610 |
1 |
|
|a нефинансовая отчетность
|
| 610 |
1 |
|
|a зарубежный опыт
|
| 610 |
1 |
|
|a отечественный опыт
|
| 610 |
1 |
|
|a межрегиональное сотрудничество
|
| 610 |
1 |
|
|a благотворительность
|
| 610 |
1 |
|
|a бережливое производство
|
| 610 |
1 |
|
|a бизнесмены
|
| 610 |
1 |
|
|a менеджеры
|
| 610 |
1 |
|
|a работники
|
| 610 |
1 |
|
|a учебные пособия
|
| 686 |
|
|
|a У012.12я73
|v LBC/SL-A
|2 rubbk
|
| 686 |
|
|
|a У9(2)212я73
|v LBC/SL-A
|2 rubbk
|
| 702 |
|
1 |
|a Горфинкель
|b В. Я.
|4 340
|
| 702 |
|
1 |
|a Родионова
|b Н. В.
|4 340
|
| 712 |
0 |
2 |
|a Владимирский государственный университет (ВлГУ)
|c (1996- )
|2 stltpush
|3 (RuTPU)RU\TPU\col\102
|
| 801 |
|
1 |
|a RU
|b 63413507
|c 20140609
|
| 801 |
|
2 |
|a RU
|b 63413507
|c 20171004
|g RCR
|
| 942 |
|
|
|c BK
|
| 959 |
|
|
|a 102/20140609
|d 2
|e 499,00
|f ЧЗГЛ:1
|f АНЛ:1
|